Financial accounting (TYBCom) (Record no. 818316)

MARC details
000 -LEADER
fixed length control field 00589nam a2200217Ia 4500
008 - FIXED-LENGTH DATA ELEMENTS--GENERAL INFORMATION
fixed length control field 101110s9999 xx 000 0 und d
041 ## - LANGUAGE CODE
Language code of text/sound track or separate title ENGLISH
082 ## - DEWEY DECIMAL CLASSIFICATION NUMBER
Item number SR25706
100 ## - MAIN ENTRY--PERSONAL NAME
Personal name Chopde L.N., Choudhari D.H., Mehta Kishor M., Bapat M.D., Gandhi M.A.
245 ## - TITLE STATEMENT
Title Financial accounting (TYBCom)
260 ## - PUBLICATION, DISTRIBUTION, ETC. (IMPRINT)
Date of publication, distribution, etc 2004
Name of publisher, distributor, etc Sheth Prakashan, Mumbai
300 ## - PHYSICAL DESCRIPTION
Extent 1013
365 ## - TRADE PRICE
Price amount 190
520 ## - SUMMARY, ETC.
Summary, etc Commerce
546 ## - LANGUAGE NOTE
Language note ENGLISH
630 ## - SUBJECT ADDED ENTRY--UNIFORM TITLE
Uniform title Financial accounting (TYBCom)
650 ## - SUBJECT ADDED ENTRY--TOPICAL TERM
Topical term or geographic name as entry element Commerce
655 ## - INDEX TERM--GENRE/FORM
Genre/form data or focus term Commerce
730 ## - ADDED ENTRY--UNIFORM TITLE
Uniform title Financial accounting (TYBCom)
942 ## - ADDED ENTRY ELEMENTS (KOHA)
Koha item type Book
Holdings
Withdrawn status Lost status Damaged status Not for loan Home library Current library Date acquired Source of acquisition Cost, normal purchase price Shelving control number Total Checkouts Barcode Date last seen Price effective from Koha item type
        D. B. J. College, Chiplun D. B. J. College, Chiplun   Prashant Book Depo, Chiplun,bill 158,dt.26-7-04 190.00     DBJSR25706 11/11/2010 11/11/2010 Book